000 00648nam a2200181 a 4500
001 000044182
005 20240226184457.0
008 140605s2006 dr 000 0 spa d
020 _a9993467286
040 _aDO-SdBNP
_bspa
_cBNPHU
082 _axxxxxx
_bxxxxxx
100 1 _aBrea Franco, Luis O.
_97125
245 1 3 _aEl espejo de babel :
_buna visión crítica de la cultura /
_cLuis O. Brea Franco.
260 _aSanto Domingo :
_bAmigo del hogar,
_c2006.
300 _a413 p. ;
_c22 cm.
500 _aIncluye datos biográficos del autor en la solapa de la cubierta
504 _aIncluye referencias bibliográficas y notas al pie de las páginas
999 _c43671
_d43671